[Event "Linares-03"]
[Site "Linares"]
[Date "1981.01.17"]
[Round "1"]
[White "Christiansen, Larry Mark"]
[Black "Spassky, Boris Vasilievich"]
[Result "1-0"]
[WhiteElo "2515"]
[BlackElo "2635"]
[Annotator "Kharitonov,A"]
[PlyCount "61"]
[EventDate "1981.01.17"]
[EventType "tourn"]
[EventRounds "11"]
[EventCountry "ESP"]
[EventCategory "13"]
[SourceTitle "MCL"]
[Source "ChessBase"]
[SourceDate "1999.07.01"]
[SourceVersion "1"]
[SourceVersionDate "1999.07.01"]
[SourceQuality "1"]

1. d4 d5 2. c4 e6 3. Nc3 Nf6 4. cxd5 exd5 5. Bg5 Be7 6. e3 O-O 7. Bd3 Nbd7 8.
Nge2 Re8 9. Qc2 Nf8 10. h3 c6 (10... a6 $5 11. O-O-O Be6 12. g4 Rc8 13. Kb1 c5
$132) 11. g4 (11. O-O-O a5 (11... Qa5 $5) 12. Kb1 (12. g4 a4 13. Nxa4 Qa5 14.
Bxf6 Bxf6 $44 {Georgadze,T-Spassky,B/Moscow/1981/0,5 (25) Inf 32/494/}) 12...
b5 13. g4 a4 14. Ng3 a3 15. b3 Qa5 16. Rhg1 Kh8 17. Nce2 Bd7 18. Nf5 Bxf5 19.
gxf5 $6 (19. Bxf5 $5 $14) 19... Rac8 20. Nf4 N8d7 21. Qe2 c5 $1 $132 {Hulak,
K-Spassky,B/Toluka(izt)/1982/0:1 (36) Inf 34/483/}) 11... Bd7 $6 (11... a5 $5)
12. O-O-O Rc8 (12... b5 $5) 13. Kb1 b5 14. Nf4 (14. Ng3 $5 a5 15. Nf5 Bxf5 16.
Bxf5 $1 $16) 14... a5 15. Bf5 a4 (15... Bxf5 16. gxf5 {/\Rhg1+/=/}) 16. Nd3
Bxf5 $2 (16... g6 $5 17. Bxf6 $1 (17. Ne5 $6 gxf5 18. gxf5 Nh5 $13) (17. Bxd7
N8xd7 $132) 17... Bxf6 18. Bxd7 Nxd7 19. Ne2 Qb6 20. Nef4 $16) 17. gxf5 N8d7
18. Rhg1 Bf8 19. Rg2 $16 c5 $2 (19... Kh8 $142 20. Rdg1 Bd6) 20. dxc5 Nxc5 21.
Nxc5 Rxc5 22. Qd3 Kh8 23. Ne4 $1 $18 Rxe4 (23... Rc4 24. Nxf6 gxf6 25. Bf4 $18)
24. Qxe4 Qc8 25. Qd3 Ne4 26. f3 (26. Bf4 $6 Qxf5 27. f3 Qxh3) 26... Nxg5 27.
Rxg5 Be7 28. f6 $1 Bxf6 29. Rxd5 h6 30. Rxc5 Qxc5 31. Rc1 1-0

[Event "Dortmund-A"]
[Site "Dortmund"]
[Date "1991.??.??"]
[Round "1"]
[White "Knaak, Rainer"]
[Black "Smagin, Sergey"]
[Result "1-0"]
[WhiteElo "2515"]
[BlackElo "2550"]
[Annotator "Knaak,R"]
[PlyCount "77"]
[EventDate "1991.03.23"]
[EventType "tourn"]
[EventRounds "9"]
[EventCountry "GER"]
[EventCategory "12"]
[SourceTitle "CBM 023"]
[Source "ChessBase"]
[SourceDate "1991.08.01"]
[SourceVersion "1"]
[SourceVersionDate "1991.08.01"]
[SourceQuality "1"]

1. d4 d5 2. c4 c6 3. Nf3 Nf6 4. Nc3 e6 5. Bg5 Nbd7 6. cxd5 exd5 7. e3 Be7 8.
Bd3 O-O 9. Qc2 Re8 10. h3 Nf8 11. Bf4 Bd6 $6 12. Bxd6 Qxd6 13. O-O-O $1 a5 14.
Kb1 b5 15. g4 a4 16. g5 N6d7 17. h4 a3 (17... Nb6 $5) 18. b3 b4 19. Na4 Rxa4
20. bxa4 c5 21. Bb5 $5 $16 (21. dxc5 Nxc5 {><c3}) 21... c4 22. Ka1 Ba6 23. h5
Bxb5 24. axb5 Rb8 25. Nd2 Rxb5 26. f4 $1 Qb6 27. f5 b3 28. Qc3 Qb8 29. g6 $1 {
/^a2-g8} Nf6 30. gxf7+ Kxf7 31. e4 $1 Qf4 32. Rhe1 Kg8 33. axb3 cxb3 34. e5 $1
Ne8 (34... Ng4 35. e6 $18) 35. Nxb3 Qxf5 36. Rf1 $5 Qxh5 37. Rd2 $2 (37. Qc6 $1
Qe2 38. Rb1 $18) 37... Ne6 38. Qc6 Rxb3 $4 (38... N8c7 $14) 39. Qxe6+ 1-0

[Event "Bundesliga 9697"]
[Site "Germany"]
[Date "1996.??.??"]
[Round "?.3"]
[White "Vaganian, Rafael A"]
[Black "Rogozenco, Dorian"]
[Result "1-0"]
[WhiteElo "2595"]
[BlackElo "2525"]
[Annotator "Knaak,R"]
[PlyCount "65"]
[EventDate "1996.10.12"]
[EventType "team-tourn"]
[EventRounds "15"]
[EventCountry "GER"]
[SourceTitle "GER-chT"]
[Source "ChessBase"]
[SourceDate "1999.07.01"]
[SourceVersion "1"]
[SourceVersionDate "1999.07.01"]
[SourceQuality "1"]
[WhiteTeam "Porz"]
[BlackTeam "Magdeburg"]
[WhiteTeamCountry "GER"]
[BlackTeamCountry "GER"]

1. Nf3 Nf6 2. c4 c6 3. Nc3 d5 4. d4 e6 5. cxd5 exd5 6. Qc2 Na6 7. Bg5 Be7 8. e3
Nb4 9. Qb1 g6 10. Qd1 {Mit dem kleinen Damenschwenk wurde g6 provoziert.} Bf5
11. Rc1 a5 $2 (11... Qa5 {ist der kritische Zug.} 12. Qd2 $5 (12. Bxf6 Bxf6 13.
Qd2 {ist die einzige ernsthafte Alternative.}) 12... Nxa2 $1 13. Bxf6 Nxc1 14.
Bxe7 (14. Bxh8 $2 Qa1 15. Qd1 Qxb2 (15... Bb4 16. Be2 Qxb2 17. O-O Nb3 $13) 16.
Qd2 Qa1 $19) 14... Qa1 15. Ba3 Nd3+ 16. Ke2 Nc1+ 17. Ke1 $11 {ist eine
bekannte Remisvariante.}) 12. a3 Na6 13. Qb3 $1 Qb8 $6 (13... Rb8 {gibt
bessere Chancen, selbst wenn der a5 noch schwächer wird.}) 14. Na4 O-O $6 (
14... Nd7 $5 15. Bxe7 Kxe7 {Das sieht auch nicht schön aus, aber wenigstens
kontrolliert Schwarz den Punkt b6 ein wenig.}) 15. Ne5 $1 {Verhindert b5 für
"alle Zeiten".} Rd8 16. Be2 Kg7 {Den Sinn kann ich nicht erkennen.} 17. O-O Nc7
18. g4 $1 Be6 19. f4 Ng8 20. Bxe7 Nxe7 21. Nb6 Ra7 {[#]} 22. f5 $1 {Bei
solchen Bauernopfern muß man eigentlich nicht groß nachdenken, wenn die
schwarzen Figuren so wie hier im Abseits stehen. Insbesondere der Ta7 und die
Db8 nehmen an der Verteidigung vorerst nicht teil.} gxf5 23. gxf5 Nxf5 24. Bd3
Nd6 (24... Nxe3 25. Rf3 {läßt den schwarzen König noch schutzloser zurück.})
25. Qd1 Rg8 26. Kh1 Ne4 (26... Kh8 27. Bxh7 Kxh7 28. Qh5+ Kg7 29. Nbd7 {
mit der Drohung Tg1 matt.}) 27. Bxe4 dxe4 28. Nbd7 Qd8 29. Qh5 {droht 30.Sxf7.}
f5 30. Rg1+ Kh8 31. Rxg8+ {Weiß muß keine tollen Kombinationen hervorzaubern -
das Materialübergewicht am Königsflügel führt zu einem leichten Sieg.} Qxg8 32.
Rg1 Qe8 33. Qg5 1-0

[Event "Petrov Memorial op"]
[Site "St Petersburg"]
[Date "2000.02.07"]
[Round "1"]
[White "Ionov, Sergey"]
[Black "Loginov, Anton"]
[Result "0-1"]
[WhiteElo "2558"]
[BlackElo "2356"]
[Annotator "Kortschnoj,V"]
[PlyCount "58"]
[EventDate "2000.02.05"]
[EventType "swiss"]
[EventRounds "9"]
[EventCountry "RUS"]
[SourceTitle "CBM 076"]
[Source "ChessBase"]
[SourceDate "2000.05.31"]
[SourceVersion "1"]
[SourceVersionDate "2000.05.31"]
[SourceQuality "1"]

1. d4 {Baburin} d5 2. c4 e6 3. Nc3 Nf6 4. cxd5 exd5 5. Bg5 c6 6. e3 Be7 7. Qc2
{7.Bd3 and 7.Qc2 are moves of about the same value. Still, I believe the
bishop's move is more exact.} a5 $5 {The move has been introduced into modern
practice by Hungerian players.} 8. Bd3 Na6 9. a3 Nc7 10. Nge2 {It is time to
recall a famous grandmaster and journalist S.Tartakower. He used to write
something like that: "The knight on f3 stands more solid, the knight e2 is
more flexible..." Regarding this game, I would say "Solidity here was called
for!"} Ne6 11. Bh4 Nh5 (11... g6 {Baburin} 12. f3 O-O 13. Rd1 Nh5 14. Bxe7 Qxe7
15. O-O f5 16. Qd2 Qg5 17. f4 Qe7 18. Kh1 Nf6 19. Ng1 Ne4 20. Qc2 $14 {
Soffer-B.Lengyel, Budapest 1994.}) 12. Bxe7 Qxe7 13. O-O g6 14. b4 axb4 15.
axb4 Rxa1 16. Rxa1 O-O 17. b5 f5 18. Qa4 $2 {It turns out to be a grave error.
Baburin: 'This looks very sensible, but in the game Black proved that this
plan was faulty.'} ({White had to continue} 18. bxc6 bxc6 19. Qa4 {'!?'
Baburin.} ({or} 19. Na4 {with a slight edge.}) (19. Nd1 $5 {Baburin})) (18. f4
{Baburin}) 18... f4 $1 {Baburin: 'Now Black's attack on the kingside can get
very dangerous.'} 19. bxc6 fxe3 {It seems white has started his assault first,
but the black attack is much more dangerous - the white king is a target!} 20.
fxe3 Qg5 21. Nd1 $6 {White, perhaps, is still playing for a win, whereas he
has had already to mobilize his vigilance.} ({After} 21. cxb7 Qxe3+ 22. Kh1
Bxb7 (22... Qxd3 $2 23. bxc8=Q Rxc8 24. Qd7) 23. Qb5 {white is not in danger.})
21... Qh4 22. g3 $6 {After this move white can't save the game.} (22. Qa5 {
however as unattractive as it looks, was more stubborn.}) 22... Qf6 $1 23. Nf4
Nexf4 24. exf4 Nxf4 $1 $19 {Baburin: 'After this sacrifice White's position
just collapses, as his major pieces are too far away from his king.'} 25. gxf4
Qxf4 26. Qa3 {After 26.Ra2 or Be2 black creats a mating net around the white
king by 26...Bh3.} Qg4+ 27. Kh1 Qf3+ 28. Kg1 Bh3 29. Qxf8+ Kxf8 0-1

[Event "Bundesliga 0001"]
[Site "Germany"]
[Date "2001.03.10"]
[Round "10.2"]
[White "Stohl, Igor"]
[Black "Jussupow, Artur"]
[Result "1/2-1/2"]
[WhiteElo "2578"]
[BlackElo "2610"]
[Annotator "Kostakiev,D"]
[PlyCount "88"]
[EventDate "2000.10.14"]
[EventType "team-tourn"]
[EventRounds "15"]
[EventCountry "GER"]
[SourceTitle "CBM 082"]
[Source "ChessBase"]
[SourceDate "2001.05.17"]
[SourceVersion "1"]
[SourceVersionDate "2001.05.17"]
[SourceQuality "1"]
[WhiteTeam "Neukoelln"]
[BlackTeam "Solingen"]
[WhiteTeamCountry "GER"]
[BlackTeamCountry "GER"]

1. d4 Nf6 2. c4 e6 3. Nf3 d5 4. Nc3 Nbd7 5. Bg5 c6 6. cxd5 exd5 7. e3 Be7 8.
Qc2 O-O 9. Bd3 Re8 10. O-O Nf8 11. Rab1 Bd6 12. b4 Ng6 13. Bf5 b5 $146 {
Paradoxally that is a novelty, but it uses a typical Botvinik's middlegame
idea, seen first time in the famous game Botvinnik - Em. Lasker, Nottingham
1938. The difference here is the missing black Nc4.} 14. Bxc8 Rxc8 15. Rfe1 h6
16. Bxf6 Qxf6 17. a3 Nh4 18. Nxh4 Qxh4 19. g3 Qh3 20. e4 dxe4 21. Rxe4 Rxe4 22.
Nxe4 Be7 23. Nc5 Bf6 24. Qe4 h5 25. Rc1 h4 26. Nd3 Qd7 27. d5 cxd5 28. Rxc8+
Qxc8 29. Qxd5 a6 30. Nc5 h3 31. Qd7 Qxd7 32. Nxd7 $11 Bd4 33. Nb8 f6 34. Nxa6
Bb6 35. Kf1 Kf7 36. Nc5 Bxc5 $1 37. bxc5 $11 Ke6 38. g4 Kd5 39. Ke2 Kxc5 40.
Kd3 Kd5 41. f3 g5 42. Kc3 Kc5 (42... Ke5 43. Kb4 Kf4 44. Kxb5 Kxf3 45. a4 Kg2
46. a5 Kxh2 47. a6 Kg1 48. a7 h2 49. a8=Q h1=Q $11 50. Qa7+ (50. Qxh1+ $2 Kxh1
$19) 50... Kf1 51. Qa1+ Kg2 52. Qa8+ $11) 43. Kd3 Kd5 44. Kc3 Kc5 1/2-1/2

[Event "EU-chT (Men) 20th"]
[Site "Reykjavik"]
[Date "2015.11.13"]
[Round "1.1"]
[White "Navara, David"]
[Black "Hansen, Sune Berg"]
[Result "0-1"]
[WhiteElo "2730"]
[BlackElo "2566"]
[Annotator "Krasenkow,M"]
[PlyCount "94"]
[EventDate "2015.11.13"]
[EventType "team-swiss"]
[EventRounds "9"]
[EventCountry "ISL"]
[SourceTitle "CBM 170"]
[Source "ChessBase"]
[SourceDate "2016.01.15"]
[SourceVersion "1"]
[SourceVersionDate "2016.01.15"]
[SourceQuality "1"]
[WhiteTeam "Czech Republic"]
[BlackTeam "Denmark"]
[WhiteTeamCountry "CZE"]
[BlackTeamCountry "DEN"]

1. d4 Nf6 2. c4 e6 3. Nf3 d5 4. Nc3 Nbd7 5. cxd5 exd5 6. Bg5 Be7 7. e3 c6 8.
Qc2 O-O 9. Bd3 Re8 10. O-O Nf8 11. h3 g6 {[%cal Yf8e6,Ye6g7,Yc8f5] Hardly a
good continuation. Black plans a long manoeuvre in order to exchange
light-squared bishops but it is too slow.} 12. Rab1 {White allows Black to
carry out his plan but starts a minority attack on the queenside. Other
options:} (12. Bxf6 $5 Bxf6 13. b4) (12. Ne5 $5 Ne6 13. Bh6 Ng7 14. g4) 12...
Ne6 13. Bh4 Ng7 14. b4 a6 15. a4 Bf5 16. b5 (16. Bxf5 Nxf5 17. Bxf6 Bxf6 18. b5
axb5 19. axb5 {- game.}) 16... axb5 17. axb5 {White weakens Black's c6-pawn
and obtains a small but clear edge.} Bxd3 18. Qxd3 Nf5 19. Bxf6 (19. Bg5 Nd7
20. Bxe7 Qxe7 21. bxc6 bxc6 22. Rb3 Nd6 23. Rc1 Ra5 24. Rcb1 Rea8 25. Qd1 Kg7
26. Ne2 Ne4 27. Nc3 Nd6 28. Ne2 Ne4 29. Nc3 {1/2 (29) Walden,R (2434)-EmilV,R 
(2548) playchess.com INT 2007}) 19... Bxf6 20. Qc2 (20. bxc6 bxc6 21. Rfc1 (21.
Qc2 Nd6 {- below}) (21. Nd2 $5) 21... Ra3 (21... Nd6 22. Ne2 (22. Nd2 $5) 22...
Qd7 23. Nf4 Nc4 24. Nd2 Ra3 25. Qc2 Nxd2 26. Qxd2 Bg5 27. Nd3 Qf5 28. Rc3 Bxe3
$1 29. fxe3 Rxc3 30. Qxc3 Rxe3 31. Rd1 Qe4 $44 {1/2 (42) Cimicki,D (2107)
-Vesely,E (2164) Lechenicher SchachServer 2012}) 22. Qc2 (22. Ra1 Qa8 23. Qd1
Nd6 24. Rxa3 Qxa3 25. Nb1 Qa6 26. Nbd2 Ne4 27. Nxe4 Rxe4 28. Qc2 Re6 29. g3 (
29. g4 $1 h6 30. Kg2 $14) 29... h5 30. h4 Kg7 31. Ne1 Be7 32. Ng2 Rf6 33. Nf4
Qa3 34. Kg2 $14 {1/2 (55) Georgiev,K (2676)-Onischuk,A (2658) Poikovsky 2001})
22... Qa8 (22... Nd6 23. Nd1 Ra6 24. Nb2 Qa8 25. Nd3 Nc4 26. Qd1 Kg7 27. Nd2
Nxe3 $6 28. fxe3 Rxe3 29. Nb3 $14 {1/2 (57) Piesina,G (2400)-Sulskis,S (2470)
Vilnius 1995}) 23. Rb6 (23. Rb3 Rxb3 24. Qxb3 Rb8 25. Qa4 Nd6 26. Qxa8 Rxa8 27.
Ne2 Nc4 28. g3 Be7 29. Rc2 Bd6 30. Nd2 Nxd2 31. Rxd2 Kf8 32. Rc2 Ra6 33. Nc1
Ke7 {1/2 (46) Schindler,C (2262)-Espig,L (2293) Germany 2014}) (23. Ne2 Rc8 24.
Nf4 Nd6 25. Nd2 Ra2 26. Qd1 Qa6 27. Ra1 Rxa1 28. Rxa1 Qb5 29. Qb3 Qxb3 30. Nxb3
Be7 31. Nd3 Nc4 32. Nbc5 Kf8 33. Ra7 Bd6 34. g4 $14 {1/2 (67) Khenkin,I (2340)
-Dreev,A (2495) Borjomi 1988}) 23... Ne7 24. Ne2 Ra2 25. Rb2 Rxb2 26. Qxb2 Qa7
27. Nf4 Rb8 28. Qc2 Qa3 29. g4 h6 30. Qc5 Qb2 31. Kg2 Rb7 32. Nd3 Qe2 33. Qc2
Qxc2 34. Rxc2 $14 {1-0 (53) Khenkin,I (2633)-Bruzon Batista,L (2534) Cali 2000}
) (20. Ra1 Nd6 (20... Qd6 21. bxc6 bxc6 22. Ra6 Rxa6 23. Qxa6 h5 24. Rc1 g5 25.
Ne2 $14 Re6 $6 26. Qd3 Re4 $2 27. Nd2 {1-0 (27) Vera Gonzalez Quevedo,R (2534)
-Almeida Quintana,O (2426) Las Tunas 2001}) 21. Nd2 Bg7 22. bxc6 bxc6 23. Rfb1
Rxa1 24. Rxa1 Qc7 25. Qa6 Rb8 26. Na4 Nf5 27. Rc1 Ne7 28. Nc5 $14 {1-0 (40)
Sokolov,I (2570)-Van der Sterren,P (2475) Amsterdam 1988}) 20... Nd6 (20... Qa5
21. bxc6 bxc6 22. Rfc1 Rec8 23. Rb2 $5 (23. Ne2 Nd6 24. Nd2 Bg5 25. Qd3 Qa6 26.
Qxa6 Rxa6 27. Rc2 {1/2 (26) Bologan,V (2686)-Onischuk,A (2670) Poikovsky 2008})
23... Nd6 24. Nd2 Be7 25. Ra2 Qd8 26. Rxa8 Rxa8 27. Ne2 {[%cal Ye2f4,Yf4d3]}
Ra6 28. Nf4 Qa8 29. Nd3 $14 {1-0 (40) Pelletier,Y (2604)-Gabriel,C (2560)
Switzerland 2003 CBM 098 [Pelletier]}) 21. Nd2 (21. bxc6 bxc6 22. Nd2 Nf5 {
- game} (22... Qd7 $6 23. Na4 Rad8 (23... Bd8 24. Rfc1 Nb5 25. Ra1 Rc8 26. Nf3
Qd6 27. Nc5 Re7 28. Ra6 Nc7 29. Nb7 Qb4 30. Nxd8 Nxa6 31. Nxc6 Rxc6 32. Qxc6
$18 {1-0 (47) Kovalyov,A (2557)-Vavrak,P (2487) Benidorm 2009}) 24. Nb6 Qe6 25.
Qxc6 $18 {1-0 (50) Khenkin,I (2632)-Heberla,B (2525) Plovdiv 2012}) (22... Ra3
{- below})) 21... Nf5 {Creating a possible idea of sacrifices on e3 or d4.} (
21... Ra3 22. bxc6 bxc6 23. Ne2 (23. Na2 Qa8 24. Nb4 Rc8 25. Nd3 Ra2 26. Qc1
Kg7 27. Rd1 Ra3 28. Qc2 Nb5 29. Rb3 $14 {1-0 (66) Xu,Y (2410)-Zhang,X (2228)
Zhongshan 2014}) 23... Qa8 24. Rfc1 Ra2 25. Rb2 Rxb2 26. Qxb2 Nf5 $6 27. Nf4
Ne7 28. Nf3 Rb8 29. Ra1 Rxb2 30. Rxa8+ Kg7 31. g4 $16 {1-0 (69) Khenkin,I 
(2572)-Asrian,K (2604) Moscow 2001}) (21... Bg5 $5 22. Rb3 Qd7 23. Rc1 Rec8 24.
bxc6 bxc6 25. Na2 Bd8 26. Nb4 Ba5 {(a good idea for Black to get rid of this
bishop)} 27. Qb2 Bxb4 28. Rxb4 Ra6 29. Nb3 Qa7 30. Nc5 Ra2 31. Qb1 Kg7 {
1/2 (61) Atalik,S (2593)-Savanovic,A (2435) Herceg Novi 1999}) 22. bxc6 bxc6
23. Na4 $2 {White completely underestimates Black's counterplay and suddenly
gets into trouble.} (23. Ne2 $14 {[%cal Ye2f4,Yf4d3,Yf1c1] was the right
course.}) 23... Bxd4 $1 {[%mdl 512]} 24. exd4 Nxd4 25. Qd1 Qa5 26. Ra1 (26. Nb2
Ne2+ 27. Kh1 Nc3 28. Qc1 Nxb1 29. Nxb1 Qb6 {, and Black's pawns are ready to
move forward.}) 26... Qb4 {White's knight is cut off on the edge of the board.}
27. Nf3 $2 {Panic.} (27. Ra2 $5 {was the right defence. A possible
continuation:} Re2 28. Rb2 $1 Qxa4 29. Rb8+ Rxb8 (29... Kg7 30. Rxa8 Qxa8 31.
Nb3) 30. Qxa4 Rxd2 $15) 27... Nxf3+ 28. gxf3 Re5 {White's king is helpless as
his pieces are tied to his a4-knight.} 29. f4 (29. Nc3 Rg5+ 30. Kh1 Rxa1 31.
Qxa1 Qh4 $19) 29... Qxf4 30. Kh1 Qe4+ 31. Kh2 Qf4+ 32. Kh1 d4 {Black misses a
forced win but his position remains strong enough.} (32... Rh5 $1 33. Qb3 Qe4+
$1 34. Kh2 Rg5 35. Rg1 Qe5+ $1 36. Kh1 Rxg1+ 37. Rxg1 Qe4+) 33. Rg1 Qxf2 34.
Rf1 Qe3 35. Rf3 Qe4 36. Raa3 Rb8 37. Ra1 c5 38. Kh2 c4 39. Qf1 Qd5 40. Ra2 Rbe8
41. Rf6 d3 42. Nc3 Qd4 43. Rxf7 Qxc3 44. Raa7 Re2+ 45. Kg3 d2+ 46. Qf3 Qxf3+
47. Kxf3 R2e7 0-1